banner-ar

"الانسان والتاريخ "" اثر التاريخ وتاثرة بسيكلوجية الفرد """ / (Record no. 27928)

MARC details
000 -الفاتح
حقل البيانات ثابتة الطول 00670nam a2200193Ia 4500
008 - عناصر البيانات ثابتة الطول - معلومات عامة
حقل البيانات ثابتة الطول 140319s9999 xx 000 0 ara d
040 ## - مصدر الفهرسة
وكالة الفهرسة الأصلية GCL /
وكالة النسخ GCL
082 04 - رقم تصنيف ديوى العشرى
رقم التصنيف 301.426
رقم المادة ك ا
100 1# - المدخل الرئيسى - إسم شخصى
الإسم الشخصى كريستين نصار
245 10 - بيان العنوان
العنوان "الانسان والتاريخ "" اثر التاريخ وتاثرة بسيكلوجية الفرد """ /
بيان المسئوليه,etc كريستين نصار
260 ## - PUBLICATION, DISTRIBUTION, ETC. (IMPRINT)
تاريخ النشر أو التوزيع 1991
300 ## - الوصف المادى
التعداد 208 ص
490 ## - بيان السلسلة
عنوان السلسلة سلسلة الاقارب والطفل فى المجتمع الشرقى
رقم المجلد/ التعيين التسلسلي 0
650 04 - المدخل الاضافى بالموضوع-مصطلح موضوعى
مصطلح موضوعي الاسرة
650 04 - المدخل الاضافى بالموضوع-مصطلح موضوعى
مصطلح موضوعي الاجتماع
650 04 - المدخل الاضافى بالموضوع-مصطلح موضوعى
مصطلح موضوعي الاباء والابناء
942 ## - عناصر المدخل الإضافي( كوها)
مصدر التصنيف او مخطط الترفيف Dewey Decimal Classification
Koha [default] item type كتاب
260 ## - PUBLICATION, DISTRIBUTION, ETC. (IMPRINT)
-- [S.N] :
-- جروس برس ،
Holdings
حالة التراجع حالة الفقد حالة تلف ليس للاعارة المكان المؤقت الموقع الحالى تاريخ الاكتساب اجمالي اﻻعارات رقم الطلب الباركود تاريخ اخر مشاهدة تاريخ تفعيل السعر نوع وعاء كوها
        مكتبة القاهرة الكبرى مكتبة القاهرة الكبرى 03/26/2014   301.426\ك ا 63739 03/26/2014 03/26/2014 كتاب
        مكتبة القاهرة الكبرى مكتبة القاهرة الكبرى 03/26/2014   301.426\ك ا 63740 03/26/2014 03/26/2014 كتاب

Powered By

EGPV